000 00451nam a2200181Ia 4500
003 OSt
005 20260129113155.0
008 210210b1961 xxu||||| |||| 00| 0 eng d
040 _cAL
041 _akan
082 _a853/374
100 _aRAMARAYA (S)
_9161745
245 _aTalakadugonda:
_bತಲಕಾಡುಗೊಂಡ
260 _aBengaluru
_bG K Publishers
_c1961
690 _aKannada Drama
_9161746
906 _a019649
942 _2ddc
_cBK
999 _c143790
_d143790